00736nam a2200229Ia 4500003000900000008004100009040001300050040001300063041000800076100001700084245006700101250002200168260002100190260000900211300001100220300001000231490003400241490000600275942000700281999001700288952020100305IT-RoPAU120407s9999 xx 000 0 und d aIT-RoPAU cIT-RoPAU aita aRomano Penna aUna fede per vivere. Seguendo il filo della Lettera ai Romani  aCinisello Balsamo aEdizioni Paoline c1992 a203 p. c18 cm aFrammenti di saggezza biblica v9 cBK c28468d28468 00102ddc406222_15100000000000071aPAULUSbPAULUSd2012-04-11l0o222.1510r2012-04-11 00:00:00w2012-04-11yBKzInserito da: Mario In data: 19 settembre 2011 fondo: Via A.Severo 56 Progr:36152